00462cam a2200169ua 45000010005000000080039000050200018000440400009000620820013000711000029000842450059001132500009001722600033001813000017002146530027002316530034002584228111221n ii |||gr||||Z||||||asm a81-7339-394-X cMAIN a891.45131 aBaruah, Prahlad Kumar, ,11aAsomiya cuti galpar adhyayanacby Prahlad Kumar Baruah a2nd. aDibrugarh:bBanalata,c2005. a625p:c23cm. aAssamese short stories aAsomiya cuti galpar adhyayana